[Event "11. OSEM SH"]
[Site "Büsum"]
[Date "2017.09.10"]
[Round "3.1"]
[White "Ackermann, Hans Werner"]
[Black "Neumann, Joachim"]
[Result "1-0"]
[BlackElo "2093"]
[BlackTeam "SC Agon Neumünster"]
[WhiteElo "2295"]
[WhiteTeam "SC Hansa Dortmund"]

1. Nf3 Nf6 2. g3 b6 3. Bg2 Bb7 4. O-O g6 5. c4 c5 6. Nc3 Bg7 7. a3 a5 8. Re1 d5
9. Ne5 O-O 10. d3 Ra7 11. Qb3 dxc4 12. Nxc4 Bxg2 13. Kxg2 Nbd7 14. a4 Qa8+ 15.
e4 Qc6 16. Ra3 Rb8 17. h3 Ne8 18. Bf4 e5 19. Bc1 Nc7 20. Ne3 Bf8 21. Ra2 b5 22.
axb5 Nxb5 23. Nxb5 Qxb5 24. Qxb5 Rxb5 25. Bd2 Bd6 26. Rea1 Bc7 27. Nc4 Nb8 28.
Nxa5 Bxa5 29. Bxa5 Nc6 30. Bc3 Rxa2 31. Rxa2 f6 32. Ra6 Nb4 33. Bxb4 Rxb4 34.
Rxf6 c4 35. dxc4 Rxc4 36. Rb6 Rxe4 37. Rb7 Rc4 38. Kf3 Rc2 39. h4 e4+ 40. Ke3
h6 41. b4 Rb2 42. b5 Rb4 43. b6 Kf8 44. Kf4 Rb2 45. Kxe4 Rxf2 46. Rc7  1-0

[Event "11. OSEM SH"]
[Site "Büsum"]
[Date "2017.09.10"]
[Round "3.2"]
[White "Zunker, Reinhard, Dr."]
[Black "Oechslein, Rainer"]
[Result "1/2-1/2"]
[BlackElo "2294"]
[BlackTeam "SK Schweinfurt"]
[WhiteElo "2103"]
[WhiteTeam "SV Hofheim"]

1. e4 e5 2. Nf3 Nc6 3. Bb5 Nf6 4. d3 d6 5. O-O Be7 6. Re1 O-O 7. c3 a6 8. Ba4 h6
9. Nbd2 b5 10. Bc2 Re8 11. Nf1 Bf8 12. Ng3 d5 13. d4  1/2-1/2

[Event "11. OSEM SH"]
[Site "Büsum"]
[Date "2017.09.10"]
[Round "3.3"]
[White "Gehrmann, Rudolf-Rainer"]
[Black "Baum, Bernd, Dr."]
[Result "0-1"]
[BlackElo "2268"]
[BlackTeam "SC Fulda"]
[WhiteElo "2096"]
[WhiteTeam "SV Eutin"]

1. c4 e6 2. d4 d5 3. Nc3 c6 4. e3 f5 5. cxd5 exd5 6. Bd3 Nf6 7. Nf3 Bd6 8. Ne5
O-O 9. O-O Qe7 10. f4 Ne4 11. a3 Nd7 12. Qe1 Ndf6 13. b4 a6 14. Na4 Be6 15. Nc5
Rae8 16. a4 Bc8 17. Ba3 Ng4 18. h3 Nh6 19. Be2 g5 20. Bh5 Rd8 21. Bf3 Kh8 22.
a5 Rg8 23. Bxe4 fxe4 24. Kf2 gxf4 25. exf4 Qh4+  0-1

[Event "11. OSEM SH"]
[Site "Büsum"]
[Date "2017.09.10"]
[Round "3.4"]
[White "Bartsch, Berthold"]
[Black "Mertens, Klaus"]
[Result "1/2-1/2"]
[BlackElo "2084"]
[BlackTeam "FC Bierstadt"]
[WhiteElo "2259"]
[WhiteTeam "SC Forchheim"]

1. Nc3 c5 2. e4 Nc6 3. g3 g6 4. Bg2 Bg7 5. d3 e6 6. Be3 d6 7. Qd2 Nd4 8. Nd1 Rb8
9. c3 Nc6 10. f4 Nge7 11. Nf3 O-O 12. O-O Qc7 13. d4 b6 14. Bf2 a5 15. Ne3 a4
16. Rad1 Na5 17. Rfe1 Bb7 18. d5 exd5 19. exd5 Ba6 20. Bf1 Bxf1 21. Rxf1 Qd7
22. Nh4 b5 23. Rfe1 Nc4 24. Qc2 Nxe3 25. Bxe3 b4 26. Bc1 Bf6 27. Ng2 Nf5 28.
Ne3 Nxe3  1/2-1/2

[Event "11. OSEM SH"]
[Site "Büsum"]
[Date "2017.09.10"]
[Round "3.6"]
[White "Van den Berg, Ad"]
[Black "Hanisch, Friedrich"]
[Result "1/2-1/2"]
[BlackElo "2081"]
[BlackTeam "SV Lauf"]
[WhiteElo "2237"]
[WhiteTeam "Aas Alsmeer"]

1. e4 c6 2. d4 d5 3. e5 c5 4. dxc5 Nc6 5. Bb5 e6 6. b4 Bd7 7. Bxc6 Bxc6 8. Nf3
a5 9. c3 axb4 10. cxb4 b6 11. Be3 bxc5 12. bxc5 Bxc5 13. Bxc5 Qa5+ 14. Nbd2
Qxc5 15. O-O Ne7 16. Nb3 Qa7 17. Nfd4 Bd7 18. Re1 O-O 19. Re3 Rfc8 20. h4 Rc4
21. Rd3 Rac8 22. h5 h6 23. Qd2 Qc7 24. Re1 Rc3 25. Rxc3 Qxc3 26. Rc1 Qxd2 27.
Rxc8+ Nxc8 28. Nxd2 Nb6 29. Kf1 Kf8 30. Ke2 Ke7 31. f4 f6 32. g4 fxe5 33. fxe5
Ba4 34. N4f3 Bb5+ 35. Ke3 Nc4+ 36. Nxc4 Bxc4 37. a3 Bb5 38. Nd4 Ba4 39. Kd2 Kd7
40. Ne2 Ke7 41. Nc3 Bc6 42. Kd3 Kd7 43. Kd4 Kc7 44. Ne2 Ba4  1/2-1/2

[Event "11. OSEM SH"]
[Site "Büsum"]
[Date "2017.09.10"]
[Round "3.7"]
[White "Leiber, Bernard"]
[Black "Postler, Reinhard"]
[Result "1/2-1/2"]
[BlackElo "2221"]
[BlackTeam "TSG Oberschöneweide"]
[WhiteElo "2074"]
[WhiteTeam "SV Osnabrück"]

1. e4 c5 2. Nf3 e6 3. Nc3 a6 4. a4 d6 5. d4 cxd4 6. Nxd4 Nf6 7. Be2 Be7 8. O-O
Bd7 9. f4 Nc6 10. Be3 O-O 11. Nb3 b6 12. Qd2 Qc7 13. Bf3 Bc8 14. Qf2 Nd7 15.
Ne2 Rb8 16. Rfd1 Rd8 17. Nbd4 Bb7 18. Nxc6 Bxc6 19. Nd4 Bb7 20. Nb3 Bc6 21. Qe2
Qb7 22. Bf2 Nc5 23. Nxc5 dxc5 24. b3  1/2-1/2

[Event "11. OSEM SH"]
[Site "Büsum"]
[Date "2017.09.10"]
[Round "3.8"]
[White "Köhler, Gerhard, Dr."]
[Black "Bohnstorff, Michael"]
[Result "1-0"]
[BlackElo "2065"]
[BlackTeam "SC Lüneburg"]
[WhiteElo "2192"]
[WhiteTeam "USV Halle"]

1. c4 c6 2. g3 d5 3. Bg2 e6 4. Nf3 Nf6 5. b3 Nbd7 6. Bb2 Be7 7. O-O O-O 8. Qc2
Re8 9. d3 Qc7 10. Nbd2 h6 11. Rac1 Nh7 12. Rfd1 Nhf8 13. cxd5 exd5 14. Nd4 Nf6
15. e4 dxe4 16. dxe4 Be6 17. Nc4 Rad8 18. Nxe6 Nxe6 19. e5 Nd7 20. Nd6 Rf8 21.
Qf5 Bxd6 22. exd6 Qb6 23. h4 a6 24. Be4 g6 25. Qg4 h5 26. Qf3 Qb5 27. Qc3 Kh7
28. a4 Qb6 29. b4 Rg8 30. a5 Qa7 31. Qf3 f5 32. Bb1 Ng7 33. Re1 Rde8 34. Re7
Rxe7 35. dxe7 Qb8 36. Re1 Qe8 37. Ba2 Rh8 38. Qc3  1-0

[Event "11. OSEM SH"]
[Site "Büsum"]
[Date "2017.09.10"]
[Round "3.9"]
[White "Muuss, Klaus"]
[Black "Bade, Uwe"]
[Result "0-1"]
[BlackElo "2157"]
[BlackTeam "SC Friesen Lichtenberg"]
[WhiteElo "2064"]
[WhiteTeam "VSF Flintbek"]

1. e4 e5 2. Nf3 Nc6 3. Bb5 a6 4. Ba4 Nf6 5. O-O b5 6. Bb3 Be7 7. Re1 O-O 8. c3
d5 9. exd5 e4 10. dxc6 exf3 11. Qxf3 Bg4 12. Qg3 Re8 13. d4 Bd6 14. Rxe8+ Qxe8
15. Qe3 Qxc6 16. f3 Re8 17. Qf2 Be6 18. Bg5 Nd5 19. Nd2 h6 20. Bxd5 Bxd5 21.
Be3 Re6 22. Nb3 Qe8 23. Re1 Bf4 24. Bd2 Bxd2 25. Rxe6 Qxe6 26. Nxd2 Bxa2 27.
Ne4 Bc4 28. b4 a5 29. Nc5 Qf5 30. Qe1 a4 31. Qe8+ Kh7 32. Nd7 h5 33. Nf8+ Kh6
34. Nd7 a3 35. h4 a2 36. Qe3+ Kh7 37. Nf8+ Kg8 38. Qe8 a1=Q+ 39. Kf2 Qf1+ 40.
Kg3 Qe2  0-1

[Event "11. OSEM SH"]
[Site "Büsum"]
[Date "2017.09.10"]
[Round "3.11"]
[White "Nordby, Bernt"]
[Black "Rüberg, Jobst"]
[Result "1/2-1/2"]
[BlackElo "2130"]
[BlackTeam "SV Ahlen"]
[WhiteElo "2027"]
[WhiteTeam "Frederiksstad Schakselskap"]

1. d4 Nf6 2. Nf3 e6 3. c4 b6 4. e3 Bb7 5. Bd3 Bb4+ 6. Nbd2 O-O 7. O-O c5 8. Qe2
Nc6 9. a3 Bxd2 10. Bxd2 d6 11. Bc3 Re8 12. Rad1 Qe7 13. Bc2 Rad8 14. d5 
1/2-1/2

[Event "11. OSEM SH"]
[Site "Büsum"]
[Date "2017.09.10"]
[Round "3.12"]
[White "Gläser, Wilfried"]
[Black "Kotlar, Alfred"]
[Result "1-0"]
[BlackElo "2041"]
[BlackTeam "SC Recklinghausen Altstadt"]
[WhiteElo "2129"]
[WhiteTeam "SK Anderten"]

1. Nf3 d5 2. c4 Nf6 3. cxd5 Nxd5 4. e4 Nb6 5. d4 Bg4 6. Be3 e6 7. Nc3 N8d7 8. a4
a5 9. Be2 Be7 10. O-O O-O 11. Qc2 Bb4 12. Rfd1 c6 13. Na2 Qe7 14. Nxb4 Qxb4 15.
Bd2 Qe7 16. Qb3 Rfb8 17. Bf4 Rc8 18. Be3 Qb4 19. Qxb4 axb4 20. a5  1-0

[Event "11. OSEM SH"]
[Site "Büsum"]
[Date "2017.09.10"]
[Round "3.13"]
[White "Limberg, Siegfried"]
[Black "Knaak, Joachim"]
[Result "0-1"]
[BlackElo "2129"]
[BlackTeam "SV Dresden-Leuben"]
[WhiteElo "2019"]
[WhiteTeam "SF Taunus"]

1. d4 d5 2. Nf3 Nf6 3. e3 e6 4. Bd3 c5 5. c3 Nc6 6. Nbd2 Bd6 7. O-O O-O 8. dxc5
Bxc5 9. e4 Qc7 10. exd5 exd5 11. Nb3 Bd6 12. h3 Re8 13. Be3 Bd7 14. Bc2 Rad8
15. Nbd4 Bf4 16. Bxf4 Qxf4 17. Qc1 Nxd4 18. Nxd4 Qh4 19. Nf3 Qh5 20. Qf4 Ne4
21. Bxe4 dxe4 22. Nd4 Qg6 23. Kh2 Qb6 24. b3 Qc5 25. Rac1 b5 26. Qe3 Bc8 27.
Rfd1 a6 28. Nc2 Qc7+ 29. Kg1 Bb7 30. Rd4 g6 31. Na3 Qa5 32. Nc2 Qxa2 33. Rxd8
Rxd8 34. Nd4 Qa5 35. Qg5 Qc7 36. Nf5 Bc8 37. Ne7+ Kf8 38. Nxc8 Rxc8 39. Qh4 Qe5
40. Qxh7 Rxc3 41. Qh6+ Ke7 42. Rb1 b4 43. Qd2 a5 44. Qe2 Rd3 45. Qa2 Qd5 46.
Qe2 Qd4 47. Re1 f5 48. Qc2 Kd7 49. Qa2 Rd2 50. Qa4+ Ke7 51. Rf1 Qc5 52. Qa1 Kf7
53. Qh8 Qd4 54. Qa8 e3 55. Qb7+ Qd7 56. Qxd7+ Rxd7 57. fxe3 Rd3 58. e4 Rxb3 59.
exf5 a4 60. fxg6+ Kxg6 61. Kf2 Rb2+ 62. Ke3 a3 63. Kd3 a2 64. Ra1 b3 65. Kc3
Rb1  0-1

[Event "11. OSEM SH"]
[Site "Büsum"]
[Date "2017.09.10"]
[Round "3.15"]
[White "Pamperin, Gerhard"]
[Black "Just, Fred"]
[Result "0-1"]
[BlackElo "2121"]
[BlackTeam "SV Werder Bremen"]
[WhiteElo "1927"]
[WhiteTeam "SF Schwerin"]

1. d4 d5 2. Nf3 Nf6 3. c4 e6 4. Nc3 Be7 5. Bg5 Nbd7 6. e3 c6 7. Qc2 h6 8. Bh4
O-O 9. cxd5 exd5 10. Bd3 Re8 11. O-O Ne4 12. Bxe7 Qxe7 13. a3 f5 14. g3 Qf7 15.
Be2 g5 16. Rac1 Kh8 17. h3 Qg7 18. Kh2 a6 19. Bd3 Rb8 20. b4 Qf6 21. Ne2 Qe6
22. Neg1 Qd6 23. Ne2 Kg7 24. Kh1 Ra8 25. Nd2 Nxd2 26. Qxd2 Nf6 27. Rfe1 Bd7 28.
Qc2 Qe6 29. Ng1 Rad8 30. Qd1 Ne4 31. Re2 Re7 32. Nf3 f4 33. g4 fxe3 34. Rxe3
Qf6 35. Qe2 Qf4 36. Bxe4 Rxe4 37. Re1 Rde8 38. Ne5 Be6 39. Rxe4 dxe4 40. Qe3
Bd5 41. Kg1 Ra8 42. Qc3 Rf8 43. Qe3 Qf6 44. Nd7 Qe7 45. Nxf8 Qxf8 46. Qg3 Qf6
47. Qe3 Kf7 48. Qc3 Kg6 49. Re3 h5 50. gxh5+ Kxh5 51. Rg3 Kh6 52. Qe3 Qf4 53.
Rg4 Qxe3 54. fxe3 Kg6 55. h4 Kh5 56. Rxg5+ Kxh4 57. Rg7 b5 58. Rb7 Kg3 59. Rh7
Kf3 60. Rh3+ Ke2 61. Kg2 Kd2 62. Kf2 Kc3 63. Rh7 Kb3 64. Ra7 Kxa3 65. Rxa6+
Kxb4 66. Ke2 Kc3 67. Ra3+ Kc2  0-1

[Event "11. OSEM SH"]
[Site "Büsum"]
[Date "2017.09.10"]
[Round "3.16"]
[White "Andersen, Knut"]
[Black "Heinzel, Peter"]
[Result "1-0"]
[BlackElo "2028"]
[BlackTeam "SC Mülheim"]
[WhiteElo "2108"]
[WhiteTeam "SF Buer"]

1. d4 Nf6 2. Bf4 e6 3. e3 b6 4. Nf3 Bb7 5. c4 Be7 6. Nc3 d6 7. Qc2 h6 8. h3 Nbd7
9. Rd1 a6 10. Be2 O-O 11. O-O Qc8 12. e4 Nh7 13. e5 Ng5 14. Nxg5 hxg5 15. Bg3
Rd8 16. f4 Nf8 17. fxg5 Bxg5 18. Ne4 Bxe4 19. Qxe4 Qd7 20. Rd3 dxe5 21. Bxe5 f5
22. Qb7 Rac8 23. Rg3 Qe7 24. Qf3 Bf6 25. Qe3 c5 26. d5 Rd7 27. Bf3 exd5 28.
Bxd5+ Rxd5 29. Bxf6 Qxe3+ 30. Rxe3 Rd7 31. Bc3 g6 32. a4 Rc6 33. Rfe1 Kf7 34.
Re8 Rcd6 35. Ra8 Rd1 36. Rxa6 Rxe1+ 37. Bxe1 Re7 38. Bc3 Nd7 39. Kf2 Re4 40. b3
Re6 41. a5 bxa5 42. Rxe6 Kxe6 43. Bxa5 Ke5 44. Kf3 Nf8 45. Bc3+ Kd6 46. b4 Ne6
47. b5 Ng5+ 48. Ke3 Ne6 49. h4 Nf8 50. Be1 Ne6 51. Bg3+ Kd7 52. Be5 Ke7 53. b6
Nd8 54. Bc7 Nb7 55. Kf4 Kf6 56. g3 Na5 57. Bd8+ Ke6 58. Kg5 Kd7 59. Bc7 Nxc4
60. Kxg6  1-0

[Event "11. OSEM SH"]
[Site "Büsum"]
[Date "2017.09.10"]
[Round "3.17"]
[White "Schumacher, Gottfried"]
[Black "Berenstein, Alexander"]
[Result "1-0"]
[BlackElo "1968"]
[BlackTeam "SV Rendsburg"]
[WhiteElo "2273"]
[WhiteTeam "HTC Bad Neuenahr"]

1. e4 e5 2. Nc3 Nc6 3. Bc4 Bc5 4. d3 d6 5. a3 a6 6. Qh5 Qf6 7. Nf3 g6 8. Qg5 h6
9. Qg3 Nge7 10. O-O g5 11. Be3 Bd7 12. b4 Bd4 13. Bxd4 Nxd4 14. Nxd4 exd4 15.
Nd5 Nxd5 16. Bxd5 c6 17. Bb3 h5 18. f4 g4 19. e5 Qe7 20. exd6 Qxd6 21. Qh4 f6
22. Rae1+ Kf8 23. Re6 Bxe6 24. Qxf6+ Ke8 25. Qxh8+ Qf8 26. Qe5  1-0

[Event "11. OSEM SH"]
[Site "Büsum"]
[Date "2017.09.10"]
[Round "3.18"]
[White "Engbrecht, Helmut"]
[Black "Strobel, Walter"]
[Result "1/2-1/2"]
[BlackElo "2189"]
[BlackTeam "SK Klingenberg"]
[WhiteElo "1981"]
[WhiteTeam "SV Schorndorf"]

1. f4 e5 2. fxe5 Nc6 3. Nc3 d6 4. e4 dxe5 5. Nf3 Nf6 6. Bb5 Bg4 7. h3 Bh5 8. g4
Bg6 9. d3 Nd7 10. Bxc6 bxc6 11. O-O Bc5+ 12. Kg2 O-O 13. Ne2 Rb8 14. Ng3 Kh8
15. h4 f6 16. h5 Bf7 17. Nf5 Qe8 18. Rh1 Kg8 19. N3h4 Be6 20. Qf3 a5 21. a4 Rb7
22. b3 Rb8 23. Bd2 Ra8 24. Rhb1 Nb6 25. b4 Bxb4 26. Bxb4 axb4 27. a5 Nc8 28.
Rxb4 c5 29. Rbb1 Qc6 30. Kg3 Re8 31. Qe3 c4 32. g5 Bxf5 33. Nxf5 Ne7 34. Nh4
cxd3 35. cxd3 fxg5 36. Qxg5 Rad8 37. Rb3 Qc2 38. Raa3 Qc5 39. Rc3 Qd6 40. a6 h6
41. Qg4 Rf8 42. Ng2 Qb6 43. a7 Kh8 44. Rc2 Ra8 45. Rca2 Nc8 46. Nh4 Ne7 47. Qe2
Qg1+ 48. Qg2 Qe3+ 49. Kh2 Qb6 50. Qg3 Qe6 51. Ra6 c6 52. R2a5 Rf4 53. Ng2 Rg4
54. Qxe5 Rxg2+ 55. Kxg2 Qg4+ 56. Qg3 Qe2+ 57. Kg1 Qd1+ 58. Kg2 Qe2+ 59. Qf2
Qg4+ 60. Kf1 Qd1+  1/2-1/2

[Event "11. OSEM SH"]
[Site "Büsum"]
[Date "2017.09.10"]
[Round "3.19"]
[White "Hassenrück, Helmut"]
[Black "Meyer, Irmin, Dr."]
[Result "1/2-1/2"]
[BlackElo "2000"]
[BlackTeam "SV Werder Bremen"]
[WhiteElo "2167"]
[WhiteTeam "SG-Gladbeck"]

1. d4 Nf6 2. Nf3 e6 3. c4 Bb4+ 4. Bd2 Bxd2+ 5. Qxd2 b6 6. g3 Ba6 7. b3 d5 8.
cxd5 exd5 9. Nc3 O-O 10. Bg2 Re8 11. O-O Qd6 12. Rfd1 Nbd7 13. Rac1 Rac8 14.
Bh3 c6 15. Qb2 Rc7 16. b4 Bc4 17. e3 b5 18. a3 Ra8 19. Nd2 Nb6 20. Nb3 Bxb3 21.
Qxb3 a5 22. bxa5 Rxa5 23. Qb4 Qxb4 24. axb4 Raa7 25. Bf1 Rc8 26. f3 Nc4 27. Kf2
Nd6 28. Bd3 Re8 29. Rd2 h6 30. h3 g6 31. Rdc2 Ra3 32. Ke2  1/2-1/2

[Event "11. OSEM SH"]
[Site "Büsum"]
[Date "2017.09.10"]
[Round "3.20"]
[White "Rahls, Peter"]
[Black "Armbrüster, Jürgen"]
[Result "1-0"]
[BlackElo "1961"]
[BlackTeam "SF Katernberg"]
[WhiteElo "2151"]
[WhiteTeam "SK Zehlendorf"]

1. c4 Nf6 2. Nc3 d5 3. cxd5 Nxd5 4. g3 c6 5. Bg2 e6 6. Nf3 Be7 7. O-O O-O 8. e4
Nxc3 9. bxc3 b6 10. d4 Bb7 11. Re1 Re8 12. h4 h6 13. Ne5 Nd7 14. Ng4 Bf8 15. e5
Qc7 16. Nxh6+ gxh6 17. Qg4+ Kh8 18. Qh5 c5 19. Bxh6 Bxh6 20. Qxh6+ Kg8 21. Be4
Nf8 22. h5 f5 23. exf6 Qf7 24. Qg5+ Kh8 25. Bg6  1-0

[Event "11. OSEM SH"]
[Site "Büsum"]
[Date "2017.09.10"]
[Round "3.21"]
[White "Paus, Franz"]
[Black "Schwetje, Siegfried"]
[Result "1-0"]
[BlackElo "1930"]
[BlackTeam "SC Bad Salzdetfurth"]
[WhiteElo "2145"]
[WhiteTeam "SC Bayer Uerdingen"]

1. d4 Nf6 2. c4 e6 3. Nf3 Bb4+ 4. Bd2 Bxd2+ 5. Qxd2 d5 6. e3 O-O 7. Nc3 b6 8.
cxd5 exd5 9. Bd3 Ba6 10. O-O Bxd3 11. Qxd3 Nbd7 12. Rac1 a6 13. Rfd1 Re8 14. b4
h6 15. a3 Re6 16. Ne2 Qb8 17. Nf4 Rd6 18. Ne5 Qb7 19. Qf5 Rf8 20. Rc2 Ne4 21.
Nxd7 c5  1-0

[Event "11. OSEM SH"]
[Site "Büsum"]
[Date "2017.09.10"]
[Round "3.22"]
[White "Hansch, Klaus-Michael"]
[Black "Falk, Thomas"]
[Result "1/2-1/2"]
[BlackElo "2107"]
[BlackTeam "SV Oberursel"]
[WhiteElo "1893"]
[WhiteTeam "SC Weisse Dame (Berlin)"]

1. e4 e5 2. d4 exd4 3. c3 d5 4. Qxd4 dxe4 5. Qxe4+ Qe7 6. Qxe7+ Bxe7 7. Nf3 Nf6
8. Bd3 O-O 9. O-O Nbd7 10. Bf4 Nc5 11. Bc2 Ne6 12. Bg3 b6 13. Nbd2 Bb7 14. Rfe1
Rad8 15. Bxc7 Rd7 16. Bg3 Rfd8 17. Rad1 Bf8 18. Be5 Ng4 19. Bd4 Nxd4 20. Nxd4
Bc5 21. h3 Bxd4 22. hxg4 Bxf2+ 23. Kxf2 Rxd2+ 24. Re2 Rxe2+ 25. Kxe2 Rxd1 26.
Bxd1 Bxg2 27. Ke3 Kf8 28. Kd4 Ke7 29. c4 Kf6 30. b4 Kg5 31. c5 f5 32. gxf5
bxc5+ 33. bxc5 h5 34. Ba4 Kxf5 35. Bd7+ Kf6 36. c6 Ke7 37. Kc5 h4 38. Bg4 Kf6
39. c7 Bb7 40. c8=Q Bxc8 41. Bxc8 Ke5 42. a4 Kf4 43. Kc6 g5 44. Kb7 g4 45. Kxa7
h3 46. a5 Ke3 47. Kb8 h2 48. Bb7 g3 49. a6 Kf2 50. a7 g2 51. Bxg2 Kxg2 52.
a8=Q+ Kg1 53. Qa1+ Kg2 54. Qb2+ Kg1 55. Qc1+ Kg2 56. Qd2+ Kg1 57. Qe1+ Kg2 58.
Qe2+ Kg1 59. Qxh2+ Kxh2  1/2-1/2

[Event "11. OSEM SH"]
[Site "Büsum"]
[Date "2017.09.10"]
[Round "3.23"]
[White "Achenbach, Manfred"]
[Black "Fleischer, Martin"]
[Result "1-0"]
[BlackElo "1919"]
[BlackTeam "SV Einheit Schwerin"]
[WhiteElo "2083"]
[WhiteTeam "SC Mülheim"]

1. c4 e6 2. g3 Nf6 3. Bg2 d5 4. Nf3 Bd6 5. O-O c6 6. b3 e5 7. Bb2 Qe7 8. cxd5
cxd5 9. Nc3 Nc6 10. Nb5 Bb8 11. a4 a6 12. Ba3 Qd8 13. Nc3 e4 14. Ne1 Bd6 15. d3
Bxa3 16. Rxa3 Qe7 17. Nc2 Qc5 18. b4 Nxb4 19. Nxb4 Qxb4 20. Rb3 Qd4 21. dxe4
Qxd1 22. Rxd1 dxe4 23. Nxe4 Nxe4 24. Bxe4 O-O 25. a5 Be6 26. Rb6 Bc4 27. e3 f5
28. Bxb7 Rad8 29. Rbd6 Rb8 30. Bxa6 Bxa6 31. Rxa6 Ra8 32. Rdd6 Rac8 33. Ra7 Rf7
34. Rxf7 Kxf7 35. a6 Ke7 36. Rb6 Ra8 37. Kg2 h6 38. h4 Kf7 39. h5 Ke7 40. Kf3
Kf7 41. Kf4 Rf8 42. Kxf5 Ke7+ 43. Kg6 Ra8  1-0

[Event "11. OSEM SH"]
[Site "Büsum"]
[Date "2017.09.10"]
[Round "3.24"]
[White "Lomer, Edmund"]
[Black "Urbanek, Paul-Gerhard"]
[Result "1/2-1/2"]
[BlackElo "1927"]
[BlackTeam "SF Buxtehude"]
[WhiteElo "2065"]
[WhiteTeam "Eckernförder SC"]

1. Nf3 Nf6 2. g3 c5 3. Bg2 Nc6 4. d4 cxd4 5. Nxd4 e5 6. Nxc6 dxc6 7. O-O Qxd1 8.
Rxd1 g6 9. c4 Be6 10. b3 Rd8 11. Rxd8+ Kxd8 12. Bb2 Bd6 13. Nd2 Ke7 14. Nf3 Nd7
15. Rd1 f6 16. Nd2 Rd8 17. Ne4 Bc7 18. Ba3+ Ke8 19. h4 f5 20. Ng5 Bg8 21. e4 h6
22. Nh3 Nf6 23. Rxd8+ Kxd8 24. exf5 gxf5 25. Bf8 h5 26. Ng5 Bb6 27. Bh3 Ng4 28.
c5 Bc7 29. Kf1 Ke8 30. Bg7 Bd5 31. Ke2 Bd8 32. Bxg4 hxg4 33. Bxe5 Bxg5 34. hxg5
Kf7 35. Ke3 Kg6 36. Kf4 a5 37. Bc7 a4 38. bxa4 Bxa2 39. Bb6 Bb3 40. a5 Bc4 41.
Bd8 Be6 42. f3 gxf3 43. Kxf3 Bd5+ 44. Kf4 Ba2 45. Bb6 Bc4 46. Bd8 Ba6 47. Ke5
Bb5 48. Ke6 Bc4+ 49. Kd7 Ba6 50. Kc7 Kf7 51. Bf6 Kg6 52. Be7 Kf7 53. Bd6 Kg6
54. Bf4 Kf7 55. Kd7 Kg6 56. Ke6 Bc4+ 57. Ke5 Ba6  1/2-1/2

[Event "11. OSEM SH"]
[Site "Büsum"]
[Date "2017.09.10"]
[Round "3.25"]
[White "Niebling, Ferdinand"]
[Black "Jürgens, Peter"]
[Result "1-0"]
[BlackElo "1893"]
[BlackTeam "SC Tempo Göttingen"]
[WhiteElo "2059"]
[WhiteTeam "SC Frankfurt-West"]

1. d4 e6 2. c4 Nf6 3. Nc3 Bb4 4. f3 c5 5. d5 d6 6. e4 exd5 7. cxd5 O-O 8. Bd3
Nbd7 9. Ne2 Ne5 10. O-O c4 11. Bc2 Bc5+ 12. Kh1 Bd7 13. Bg5 h6 14. Bh4 Ng6 15.
Bg3 b5 16. Nd4 Qb6 17. Nf5 Rfe8 18. a3 Ne7 19. Nxe7+ Rxe7 20. Qd2 Nh5 21. Bf2
Bxf2 22. Qxf2 Qxf2 23. Rxf2 Ree8 24. g3 Nf6 25. Kg2 a5 26. Ne2 b4 27. axb4 axb4
28. Rxa8 Rxa8 29. Nd4 Ra2 30. Bb1 Ra1 31. Rf1 Kf8 32. Kf2 Ke7 33. Nc2 Ra8 34.
Rc1 Rb8 35. Ne3 c3 36. bxc3 bxc3 37. Bd3 Rb2+ 38. Rc2 g6 39. Rxb2 cxb2 40. Nd1
Bb5 41. Nxb2 Bxd3 42. Nxd3 Nd7 43. Ke3 g5 44. Kd4 f6  1-0

[Event "11. OSEM SH"]
[Site "Büsum"]
[Date "2017.09.10"]
[Round "3.26"]
[White "Ehlert, Horst"]
[Black "Walther, Reinhard"]
[Result "1/2-1/2"]
[BlackElo "2051"]
[BlackTeam "SK Herzogenaurach"]
[WhiteElo "1965"]
[WhiteTeam "SV Laatzen"]

1. c4 c5 2. g3 g6 3. Bg2 Bg7 4. e3 Nc6 5. Ne2 e6 6. Nbc3 Nge7 7. O-O O-O 8. d4
cxd4 9. exd4 d5 10. cxd5 Nxd5 11. Nxd5 exd5 12. Be3  1/2-1/2

[Event "11. OSEM SH"]
[Site "Büsum"]
[Date "2017.09.10"]
[Round "3.27"]
[White "Krebel, Christoph"]
[Black "Reinke, Kurt"]
[Result "1-0"]
[BlackElo "1793"]
[BlackTeam "SG Benrath"]
[WhiteElo "2021"]
[WhiteTeam "SV Wesel"]

1. d4 d5 2. c4 c6 3. Nf3 e6 4. e3 Bd6 5. Bd3 Nd7 6. Nc3 Ngf6 7. e4 dxe4 8. Nxe4
Nxe4 9. Bxe4 Bb4+ 10. Bd2 Qa5 11. O-O Bxd2 12. Nxd2 O-O 13. f4 Nf6 14. Bc2 Qd8
15. Nf3 h6 16. Ne5 Qb6 17. Rf2 c5 18. dxc5 Qxc5 19. Qd3 b6 20. Rd1 Qc7 21. Ng4
Re8 22. Nxf6+ gxf6 23. Qh7+ Kf8 24. Rfd2 Ke7 25. Ba4 Qxf4 26. Rd7+  1-0

[Event "11. OSEM SH"]
[Site "Büsum"]
[Date "2017.09.10"]
[Round "3.28"]
[White "Josting, Friedel"]
[Black "Schulz, Wolfgang"]
[Result "1/2-1/2"]
[BlackElo "2101"]
[BlackTeam "Hamburger SK"]
[WhiteElo "1884"]
[WhiteTeam "SG Bünde"]

1. d4 Nf6 2. Bf4 g6 3. e3 Bg7 4. Nf3 O-O 5. Be2 d5 6. h3 c5 7. Nbd2 Nc6 8. c3 b6
9. O-O Bb7 10. Rc1 Rc8 11. Re1 a6 12. Ne5 Nd7 13. Nxc6 Bxc6 14. Nf3 b5 15. Bd3
Qb6 16. h4 Nf6 17. Ne5 Bb7 18. g4 Rfd8 19. Qf3 Qe6 20. h5 Ne4 21. g5 f6 22.
gxf6 exf6 23. Ng4 g5 24. Bh2 h6 25. Qh3 Re8 26. f3 Nd6 27. Bg6 Re7 28. Qg3 Nf7
29. Bxf7+ Qxf7 30. Qh3 Bf8 31. Bd6 Re6 32. Bxf8 Kxf8 33. Nxh6 Qe8 34. Nf5 cxd4
35. cxd4 Rxc1 36. Rxc1 Rc6 37. Rxc6 Qxc6 38. h6 Qc1+ 39. Kg2 Kg8 40. Qg4 Kh7
41. Nd6 Qc2+ 42. Kh3 Bc6 43. Qe6 Qg6 44. Nf5 Be8 45. Qxd5 Bc6 46. Qxc6 Qxf5+
47. Kg2 g4 48. Qe4 gxf3+ 49. Qxf3 Qc2+ 50. Qf2 Qc6+ 51. Kg3 Kxh6 52. Qf4+ Kg6
53. e4 Qc4 54. Qg4+ Kf7 55. d5 Qxa2 56. Qe6+ Kg6 57. Qg4+ Kf7  1/2-1/2

[Event "11. OSEM SH"]
[Site "Büsum"]
[Date "2017.09.10"]
[Round "3.29"]
[White "Mikolajewski, Armin"]
[Black "Klüver, Horst"]
[Result "1-0"]
[BlackElo "1867"]
[BlackTeam "Itzehoer SV"]
[WhiteElo "2047"]
[WhiteTeam "Naumburger SV"]

1. d4 d5 2. c4 e6 3. Nf3 Nf6 4. Nc3 c6 5. e3 Be7 6. Qc2 h6 7. Bd3 Nbd7 8. O-O
dxc4 9. Bxc4 Nb6 10. Bd3 Nbd5 11. a3 Qc7 12. Ne5 Bd6 13. f4 a6 14. e4 Nxc3 15.
bxc3 Bxe5 16. fxe5 Nh7 17. Qf2 O-O 18. Qg3 Kh8 19. Be3 Qe7 20. a4 Bd7 21. Bc1
Rg8 22. Ba3 Qe8 23. Qf4 f6 24. exf6 gxf6 25. Qxh6 Qg6 26. Qxg6 Rxg6 27. Bc1
Rag8 28. Rf2 Ng5 29. Bxg5 Rxg5 30. g3 R8g6 31. e5 f5 32. a5 Bc8 33. Rf4 Rh6 34.
Rb1 Rg7 35. Rb2 Rd7 36. Bc4 Rg7 37. Rg2 Kh7 38. Bb3 Bd7 39. c4 Bc8 40. Kf2 Rhg6
41. Rh4+ Kg8 42. h3 Rh7 43. Rxh7 Kxh7 44. g4 Rh6 45. Rg3 Rh4 46. Kg2 Kh6 47. d5
exd5 48. cxd5 fxg4 49. e6 Rxh3 50. d6 Kg5 51. d7 Rh8 52. dxc8=Q Rxc8 53. Rd3
Kf6 54. Rd7 c5 55. Bc4  1-0

[Event "11. OSEM SH"]
[Site "Büsum"]
[Date "2017.09.10"]
[Round "3.30"]
[White "Blosze, Winfried"]
[Black "Lehmann, Erwin"]
[Result "0-1"]
[BlackElo "2015"]
[BlackTeam "Ahrensburger TSV"]
[WhiteElo "1871"]
[WhiteTeam "SV Großauheim"]

1. e4 d5 2. exd5 Qxd5 3. Nc3 Qa5 4. Bc4 Nf6 5. d3 Bg4 6. f3 Bh5 7. Bd2 c6 8. Qe2
e6 9. Nh3 Nbd7 10. g4 Bg6 11. Nf4 Qe5 12. Ng2 Bb4 13. h4 h6 14. Nf4 Bh7 15. g5
Nd5 16. Bxd5 exd5 17. O-O-O O-O-O 18. Qxe5 Nxe5 19. Rhf1 hxg5 20. hxg5 Bf5 21.
Rde1 Bd6 22. Nce2 Rh2 23. Ng3 Bd7 24. Nfe2 Rdh8 25. f4 Ng6 26. Rh1 Bg4 27. Rxh2
Rxh2 28. f5 Nh4 29. Rh1 Rxh1+  0-1

[Event "11. OSEM SH"]
[Site "Büsum"]
[Date "2017.09.10"]
[Round "3.31"]
[White "Görtz, Hans"]
[Black "Pantel, Heinrich"]
[Result "1-0"]
[BlackElo "1834"]
[BlackTeam "SK Kaltenkirchen"]
[WhiteElo "1998"]
[WhiteTeam "DJK Wacker Bergeborbeck"]

1. Nf3 d5 2. d4 c5 3. e3 Nc6 4. Be2 Bg4 5. O-O e6 6. b3 Bxf3 7. Bxf3 cxd4 8.
exd4 Nf6 9. Bb2 Bd6 10. c4 O-O 11. Nc3 Be7 12. Ne2 Rc8 13. Rc1 Qd7 14. Nf4 Rc7
15. c5 Re8 16. Re1 Bf8 17. Nd3 Rec8 18. b4 a6 19. a3 g6 20. Ne5 Qd8 21. Nxc6
Rxc6 22. Bc3 Bg7 23. Qd3 b5 24. Ra1 Ne8 25. Bd2 Qf6 26. Bc3 Nc7 27. Be2 Qf4 28.
g3 Qg5 29. Qf3 Ne8 30. h4 Qd8 31. a4 Nd6 32. axb5 Nxb5 33. Bxb5 axb5 34. Ra5
Rb8 35. Qd3 Rcc8 36. Rxb5 Qd7 37. Rxb8 Rxb8 38. Rb1 Rb5 39. Ra1 Bf8 40. Bd2 Kg7
41. Qa3 Be7 42. Qa6 Qb7 43. Qxb7 Rxb7 44. Rc1 Rb8 45. Ra1 Bd8 46. Ra7 Kf8 47.
c6 Bb6 48. Rb7 Rxb7 49. cxb7 Bc7 50. Bf4  1-0